Т. 3: Элементная база и схемотехника средств сопряжения; Микропроцессоры

Bibliografiset tiedot
Parent link:Микропроцессоры: учебное пособие/ Под ред. Л. Н. Преснухина. Т. 3: Элементная база и схемотехника средств сопряжения.— , 1984-1985
Päätekijä: Воробьев Н. В. Николай Васильевич
Muut tekijät: Вернер В. Д. Владимир Дмитриевич
Kieli:venäjä
Julkaistu: 1984
Aiheet:
Aineistotyyppi: MixedMaterials Kirja
KOHA link:https://koha.lib.tpu.ru/cgi-bin/koha/opac-detail.pl?biblionumber=74370

MARC

LEADER 00000nam2a2200000 4500
001 74370
005 20231031085245.0
035 |a (RuTPU)RU\TPU\book\79310 
090 |a 74370 
100 |a 20050303d1984 m y0rusy50 ca 
101 0 |a rus 
102 |a RU 
105 |a a j 001zy 
200 0 |a Т. 3: Элементная база и схемотехника средств сопряжения  |f Н. В. Воробьев, В. Д. Вернер 
210 |d 1984 
215 |a 102 с.  |c ил. 
320 |a Библиогр.: с. 102 
461 1 |0 (RuTPU)RU\TPU\book\79309  |t Микропроцессоры  |o учебное пособие  |f Под ред. Л. Н. Преснухина  |v Т. 3: Элементная база и схемотехника средств сопряжения  |d 1984-1985 
610 1 |a микропроцессоры 
610 1 |a схемотехника 
610 1 |a схемы 
610 1 |a микро-ЭВМ 
610 1 |a узлы 
610 1 |a ввод 
610 1 |a средства сопряжения 
610 1 |a учебные пособия 
675 |a 681.325.5(075.8)  |v 3 
700 1 |a Воробьев  |b Н. В.  |g Николай Васильевич 
701 1 |a Вернер  |b В. Д.  |g Владимир Дмитриевич 
801 1 |a RU  |b 63413507  |c 20050303  |g PSBO 
801 2 |a RU  |b 63413507  |c 20160829  |g PSBO 
942 |c BK